Statistics for Top 100 NBA Players 2020

Click here to take the quiz!

General Stats

  • This quiz has been taken 18,837 times
  • The average score is 63 of 100

Answer Stats

#Answer% Correct
3LeBron James
99%
6Stephen Curry
98%
4James Harden
96%
1Giannis Antetokounmpo
95%
2Kawhi Leonard
94%
5Anthony Davis
94%
11Kyrie Irving
92%
12Russell Westbrook
92%
8Joel Embiid
91%
9Damian Lillard
91%
10Paul George
90%
7Nikola Jokic
88%
15Ben Simmons
88%
16Luka Doncic
87%
32Chris Paul
85%
18Karl-Anthony Towns
84%
49Klay Thompson
84%
21Jimmy Butler
83%
17Kemba Walker
83%
19Bradley Beal
82%
20Donovan Mitchell
82%
38Draymond Green
82%
23Blake Griffin
82%
14Rudy Gobert
82%
13CJ McCollum
80%
35Jayson Tatum
80%
39Kyle Lowry
79%
30Devin Booker
79%
28Trae Young
79%
22Pascal Siakam
79%
42Zion Williamson
76%
34Kristaps Porzingis
75%
58Lou Williams
73%
36Khris Middleton
73%
46DeMar DeRozan
73%
27Jamal Murray
72%
33Victor Oladipo
72%
25De'Aaron Fox
72%
71Dejounte Murray
71%
43Kevin Love
71%
68Lonzo Ball
70%
51Jaylen Brown
70%
89Joe Harris
69%
29Tobias Harris
69%
55Zach LaVine
69%
70Gary Harris
68%
26D'Angelo Russell
68%
52Andre Drummond
66%
41LaMarcus Aldridge
65%
78Eric Gordon
65%
45Aaron Gordon
65%
56Brandon Ingram
64%
24Mike Conley
64%
37Al Horford
63%
31Jrue Holiday
62%
61Marc Gasol
62%
93Ja Morant
59%
53Clint Capela
59%
40Nikola Vucevic
59%
75Steven Adams
55%
59Buddy Hield
53%
44Myles Turner
53%
47John Collins
52%
74Bogdan Bogdanovic
51%
100Derrick White
51%
66Deandre Ayton
51%
48Bojan Bogdanovic
51%
63Domantas Sabonis
51%
65Gordon Hayward
50%
50Lauri Markkanen
50%
67Eric Bledsoe
49%
54Jaren Jackson Jr.
49%
80Brook Lopez
48%
62Joe Ingles
46%
73JJ Redick
45%
57Malcolm Brogdon
45%
64Shai Gilgeous-Alexander
44%
87Marcus Smart
42%
60Caris LeVert
41%
84Ricky Rubio
41%
81Bam Adebayo
41%
72Montrezl Harrell
40%
76Spencer Dinwiddie
40%
77Kyle Kuzma
40%
79Patrick Beverley
39%
82P.J. Tucker
38%
95Jarrett Allen
38%
88Fred VanVleet
38%
83Jusuf Nurkic
37%
92Julius Randle
36%
86Josh Richardson
35%
69Marvin Bagley III
33%
85Paul Millsap
33%
91Danilo Gallinari
31%
99Evan Fournier
30%
98Mitchell Robinson
28%
96Derrick Favors
27%
90Otto Porter Jr.
26%
97Robert Covington
23%
94Justise Winslow
14%

Score Distribution

Percentile by Number Answered

Percent of People with Each Score

Your Score History

You have not taken this quiz